[Event "Verbandsliga Sued Baden 0506"]
[Site "Germany"]
[Date "2005.12.18"]
[Round "4.2"]
[White "Bittner, Friedemann"]
[Black "Kaenel, Hansjuerg"]
[Result "0-1"]
[WhiteElo "1964"]
[BlackElo "2392"]
[PlyCount "92"]
[EventDate "2005.10.16"]
[EventType "team-tourn"]
[EventRounds "9"]
[EventCountry "GER"]
[SourceTitle "EXT 2007"]
[Source "ChessBase"]
[SourceDate "2006.11.23"]
[SourceVersion "1"]
[SourceVersionDate "2006.11.23"]
[SourceQuality "1"]
[WhiteTeam "Villingen"]
[BlackTeam "Dreisamtal"]
[WhiteTeamCountry "GER"]
[BlackTeamCountry "GER"]

1. d4 f5 2. h3 d5 3. c4 e6 4. g4 c6 5. g5 dxc4 6. Nf3 Nd7 7. b3 cxb3 8. Qxb3 Nb6 9. Bg2 Qd5 10. 0-0 Qxb3 11. axb3 Ne7 12. Ne5 Nd7 13. Nc4 Nd5 14. e4 N5b6 15. exf5 exf5 16. Re1+ Kf7 17. Ne3 g6 18. Bb2 Bg7 19. Ra5 Re8 20. Rd1 Nf8 21. Nd2 Be6 22. Ndc4 Nxc4 23. Nxc4 Red8 24. Re1 Bxc4 25. bxc4 Bxd4 26. Bxd4 Rxd4 27. Rae5 Rd7 28. h4 a5 29. h5 a4 30. R5e3 a3 31. Ra1 a2 32. Re2 Ne6 33. hxg6+ hxg6 34. Raxa2 Rxa2 35. Rxa2 Nxg5 36. Ra7 Re7 37. Kf1 Ne6 38. Bf3 g5 39. Bd1 Kf6 40. Bc2 Nd4 41. Bd3 g4 42. Ra8 Kg5 43. Kg2 Kf4 44. Ra5 b6 45. Ra6 Nf3 46. Bf1 Rh7 0-1

[Event "Verbandsliga Sued Baden 0506"]
[Site "Germany"]
[Date "2005.10.16"]
[Round "1.6"]
[White "Loch, Hagen"]
[Black "Bittner, Friedemann"]
[Result "1-0"]
[WhiteElo "2098"]
[BlackElo "1964"]
[PlyCount "77"]
[EventDate "2005.10.16"]
[EventType "team-tourn"]
[EventRounds "9"]
[EventCountry "GER"]
[SourceTitle "EXT 2007"]
[Source "ChessBase"]
[SourceDate "2006.11.23"]
[SourceVersion "1"]
[SourceVersionDate "2006.11.23"]
[SourceQuality "1"]
[WhiteTeam "Zaehringen"]
[BlackTeam "Villingen"]
[WhiteTeamCountry "GER"]
[BlackTeamCountry "GER"]

1. d4 Nc6 2. Nf3 g6 3. Bf4 Nf6 4. e3 Bg7 5. h3 0-0 6. Be2 d6 7. 0-0 Ne4 8. Nbd2 Nxd2 9. Qxd2 e5 10. Bg5 Bf6 11. Bxf6 Qxf6 12. dxe5 dxe5 13. Qc3 Bf5 14. Bb5 Rfe8 15. Kh2 Rad8 16. Bxc6 bxc6 17. Rad1 Rxd1 18. Rxd1 g5 19. Nd2 Rd8 20. Rf1 g4 21. hxg4 Qh4+ 22. Kg1 Bxg4 23. f3 Bh3 24. Qc4 Qg5 25. Qe2 Bxg2 26. Qxg2 Qxg2+ 27. Kxg2 Rxd2+ 28. Rf2 Rxf2+ 29. Kxf2 f5 30. Kg3 Kg7 31. Kh4 Kg6 32. f4 Kf6 33. Kh5 Ke6 34. c4 Kf7 35. Kh6 exf4 36. exf4 Kg8 37. c5 a5 38. a4 Kh8 39. b4 1-0